00770nam a22001817a 4500003000900000008004100009040007100050082001500121100002100136245007700157260006800234300006500302505016700367650001800534650001000552650001600562650001000578AR-CdUCM190312b ||||| |||| 00| 0 spa d aMUNICIPALIDAD PROVINCIAL DEL CUSCOcBIBLIOTECA MUNICIPAL DEL CUSCO a720 /bH17 aHalse, Albert O. aArchitectural Rendering :bThe techniques of contemporary presentation / aUnited States of América :bMcGraw-Hill Book Company ;c1960. a277 páginas ;bFotografías, ilustraciones, planos c29cm aContenido: The importance of rendering in architecture -- The magic of imagery -- A quick look at perspective -- Some rules of composition -- A study of light...  aArchitecture  aLight aPerspective aColor